| 000 | 00495nam a2200181Ia 4500 | ||
|---|---|---|---|
| 005 | 20240627111359.0 | ||
| 008 | 240126s9999 xx 000 0 und d | ||
| 020 | _a9780070145900 | ||
| 082 | _a001.6424C GOT;1 R | ||
| 100 | _aGottfried, Byron S. Chhabra, Jitender Kumar. | ||
| 245 | 0 | _aProgramming with C | |
| 250 | _a3rd ed. | ||
| 260 |
_bTata McGraw-Hill _aNew Delhi _c2011 |
||
| 300 | _axvi, 15.31+I-8 | ||
| 440 | _aSchaum's outline series | ||
| 650 | _aProgramming,C | ||
| 942 | _cPU | ||
| 999 |
_c273687 _d273687 |
||